000 00610nam a2200181 i 4500
001 67687
003 ES-MaACL
005 20230906170130.0
007 t|
008 040610s2003 cl ||||1| spa d
020 _a956-8134-19-0
080 _a572.2.084
245 0 0 _aOrganismos genéticamente modificados
_b: transgénicos ¿progreso o peligro? : selección de artículos publicados en "Le Monde Diplomatique".
260 _aSantiago de Chile :
_bAún Creemos en los Sueños,
_c[2003]
300 _a75 p. ;
_c21 cm.
650 1 4 _aOrganismos transgénicos.
_915758
852 _aES-MaACL
_jL-27871
_bR.133441
999 _c67687
_d67687